Thử đề xuất từ việc học lí thuyết thành ngữ {Ngữ văn 7} đến thực hành vận dụng /
Enregistré dans:
| Auteur principal: | |
|---|---|
| Autres auteurs: | |
| Format: | Article |
| Langue: | Vietnamese |
| Sujets: | |
| Tags: |
Ajouter un tag
Pas de tags, Soyez le premier à ajouter un tag!
|
| Thư viện lưu trữ: | Thư viện Trường Đại học Đà Lạt |
|---|
| LEADER | 00926nam a2200301 4500 | ||
|---|---|---|---|
| 001 | DLU180185526 | ||
| 005 | ##20180608 | ||
| 040 | # | # | |a DLU |b vie |
| 041 | # | # | |a vie |
| 044 | # | # | |a vn |
| 100 | # | # | |a Trần Thanh Phong. |
| 245 | # | # | |a Thử đề xuất từ việc học lí thuyết thành ngữ {Ngữ văn 7} đến thực hành vận dụng / |c Trần Thanh Phong, Phạm Thị Rối. |
| 653 | # | # | |a Học lí thuyết |
| 653 | # | # | |a Ngữ văn |
| 653 | # | # | |a Thành ngữ |
| 653 | # | # | |a Thực hành |
| 653 | # | # | |a Vận dụng |
| 700 | # | # | |a Phạm Thị Rối. |
| 773 | # | # | |t Tạp chí dạy và học ngày nay |g Số 8, 2015, tr. 43 |
| 920 | # | # | |a Phòng Tạp chí -- Trung tâm Thông tin - Thư viện Trường Đại học Đà Lạt |
| 994 | # | # | |a DLU |
| 900 | # | # | |a True |
| 911 | # | # | |a Trần Thị Minh Hương |
| 925 | # | # | |a G |
| 926 | # | # | |a A |
| 927 | # | # | |a BB |
| 980 | # | # | |a Thư viện Trường Đại học Đà Lạt |